| 000 | 01044nam a2200253 a 4500 | ||
|---|---|---|---|
| 001 | 000035710 | ||
| 003 | DO-SdBNP | ||
| 005 | 20250529114814.0 | ||
| 008 | 111109s1973 mx 000 0 spa d | ||
| 040 |
_aDO-SdBNP _bspa _cBNPHU |
||
| 082 | 4 |
_a320.98 _bG373p |
|
| 100 | 1 |
_aGermani, Gino _951035 |
|
| 245 | 1 | 0 |
_aPopulismo y contradicciones de clase en Latinoamérica / _cGino Germani, Torcuato S. di Tella, Octavio Ianni ; selección y presentación de Octavio Ianni. |
| 260 |
_aMéxico : _bEdiciones era, _c1973. |
||
| 300 |
_a150 p. ; _c18 cm. |
||
| 490 | 0 |
_aPopular era ; _v21 |
|
| 505 | 0 |
_aDemocracia representativa y clases populares / _rGino Germani -- _tPopulismo y reformismo / _rTorcuato S. di Tella -- _tPopulismo y relaciones de clase / _rOctavio Ianni |
|
| 650 | 0 |
_aClases sociales _zAmérica Latina _91062 |
|
| 651 | 4 |
_aAmérica Latina _xPolítica y gobierno _92618 |
|
| 651 | 4 |
_aAmérica Latina _xCondiciones sociales _95034 |
|
| 830 | 0 |
_aPopular era ; _n21 _961641 |
|
| 910 | _aValidado. Control de calidad MFF | ||
| 942 |
_2ddc _cLBS1 |
||
| 999 |
_c35201 _d35201 |
||